Friends Characters, not Actors Quiz Stats

 Plays Quiz not verified by Sporcle

Support Sporcle.
Go Orange.
Score 0/10 Timer 01:00
0 Plays Today
% Correct
Chandler Bing
97.9%
Rachel Green
97.6%
Phoebe Buffay
97.3%
Joey Tribbiani
97.3%
Ross Geller
97.3%
Monica Geller
95.7%
Janice Litman-Goralnik
91%
Carol Willick
90.4%
Mike Hannigan
87%
Emily Waltham
86.2%

You're not logged in!

Compare scores with friends on all Sporcle quizzes.
OR
Log In

From the Vault

Click a Jackson

by tk925

Just don't mix up Michael and Andrew Jackson. That could be embarrassing.
Remove Ads.
Support Sporcle.
Get the best of Sporcle when you Go Orange. This ad-free experience offers more features, more stats, and more fun while also helping to support Sporcle. Thank you for becoming a member.

Show Comments

Extras

Top Quizzes Today


Score Distribution

Your Account Isn't Verified!

In order to create a playlist on Sporcle, you need to verify the email address you used during registration. Go to your Sporcle Settings to finish the process.

Report this User

Report this user for behavior that violates our Community Guidelines.

Details: